| 000 | 00506nam a22001817a 4500 | ||
|---|---|---|---|
| 999 |
_c533155 _d533155 |
||
| 003 | Nust | ||
| 005 | 20191213104559.0 | ||
| 008 | 170216b xxu||||| |||| 00| 0 eng d | ||
| 038 | _aMSOHAIL | ||
| 040 | _cNust- | ||
| 082 |
_a624.18341 _bREY |
||
| 100 |
_aReynolds, Chas E. _926903 |
||
| 245 |
_aExamples of the design of reinforced concrete buildings _cChas. E. Reynolds |
||
| 260 |
_aLondon _bConcrete Publications Limited _c1952 |
||
| 300 | _aviii, 214 p . : | ||
| 650 |
_aMCE _9379 |
||
| 942 |
_cBK _2ddc |
||